000 00475nam a2200181Ia 4500
001 14044
005 20260306164845.0
008 260306t2008||||xx |||||||||||||| ||spa||
041 _aESP
082 _a006.3
_bI61
100 _aPalma Méndez, José T. (Comp.)
_eAUT
245 0 _aInteligencia artificial:
_btécnicas, métodos y aplicaciones
260 _c2008
300 _axxv, 1022 páginas :
_c24 cm.
650 _aGEN
654 _aCCC
942 _cLIB
_dJUS
_fJUS
_2ddc
_n
999 _c14044
_d14044